| 000 | 00917nam a2200217 4500 | ||
|---|---|---|---|
| 001 | 167232 | ||
| 003 | ES-MaACL | ||
| 005 | 20251213063020.0 | ||
| 008 | 950424s1872 sp |||| | spa d | ||
| 040 |
_aEUS _bspa _cEUS |
||
| 100 | 1 |
_aVerdugo, Francisco, _d1536-1597 _9133634 |
|
| 245 | 1 | 0 | _aComentario del coronel Francisco Verdugo de la guerra de Frisia en XIV años que fue Gobernador y Capitán General de aquel estado y ejército... |
| 260 |
_aMadrid : _b[s.n.], _c1872 ( _fImprenta y Estereotipia de M. Rivadeneyra) |
||
| 300 |
_aXI, XII, 291 p. ; _c18 cm. |
||
| 490 | 1 |
_aColección de libros españoles raros o curiosos ; _v2 |
|
| 597 | _aPort. a dos tintas. | ||
| 651 | 4 |
_aEspaña- _xHistoria- _y1556-1598, Felipe II. _98218 |
|
| 830 | 0 | 0 |
_aColección de libros españoles raros o curiosos _v2 _9187911 |
| 852 |
_aES-MaACL _jR-2170-91 _z-- Enc. hol.Olim:G-13950-72. |
||
| 999 |
_c167232 _d167232 |
||